00919pab a2200157 454500008004000000100002000040245008700060260000900147300001300156362000800169520047000177650002900647650003100676650002300707773003100730180718b2006 xxu||||| |||| 00| 0 eng d aNigavekar, Arun aRoadmap for reforms in governance and management of Indian higher education system c2006 ap.22-44. aSep aThe current model of higher education cannot survive against the pressures and demands of people, society, and the government unless it redefines itself. Tracing the panorama of higher education in India, the author proposes an integrated road map, building on the strengths of conventional, open, and distance education systems, stressing that the new Education Policy must address the twin issues governance and administration with an eye on growth. - Reproduced. aHigher education - India aEducational reform - India aEducational reform aASCI Journal of Management